Boyce's elementary differential equations and boundary value problems
Saved in:
| Main Authors: | , , |
|---|---|
| Format: | Book |
| Language: | English |
| Published: |
Singapore
Wiley
[2017]
|
| Edition: | Eleventh edition, Global edition |
| Subjects: | |
| Tags: |
Add Tag
No Tags, Be the first to tag this record!
|
| Call Number : | QA371 .B773 2017 |
MARC
| LEADER | 00000nam a2200000 c 4500 | ||
|---|---|---|---|
| 001 | 50898 | ||
| 003 | MY-KLNDU | ||
| 005 | 20241219013823.0 | ||
| 008 | 221104 20172017si a bi 001 0 eng d | ||
| 020 | |a 9781119382874 | ||
| 039 | 9 | |a 202211041214 |b VLOAD |c 202002091130 |d helmey |c 202002091129 |d helmey |y 201904081532 |z helmey | |
| 090 | |a QA371 |b .B773 2017 | ||
| 100 | 1 | |a Boyce, William E. |e author | |
| 245 | 1 | 0 | |a Boyce's elementary differential equations and boundary value problems |c William E. Boycce, Richard C. DiPrima, Douglas B. Meade |
| 246 | 3 | 0 | |a Elementary differential equations and boundary value problems |
| 250 | |a Eleventh edition, Global edition | ||
| 264 | 1 | |a Singapore |b Wiley |c [2017] | |
| 264 | 4 | |a ©2017 | |
| 300 | |a xii, 607 pages |b illustrations (some color) |c 27 cm | ||
| 336 | |a text |b rdacontent | ||
| 337 | |a unmediated |2 rdamedia | ||
| 338 | |a volume |2 rdacarrier | ||
| 504 | |a Includes bibliographical references and index | ||
| 592 | |a 00102/HL/2019(751) |b 3/10/2019 |c RM 265.53 |h Han Lin Books | ||
| 650 | 0 | |a Differential equations. | |
| 650 | 0 | |a Boundary value problems. | |
| 700 | 1 | |a DiPrima, Richard C. |e author | |
| 700 | 1 | |a Meade, Douglas B. |e author | |
| 999 | |a vtls000063439 |c 50898 |d 50898 | ||


